000 00311nam a2200121Ia 4500
008 150201s2007 xx 000 0 und d
082 _a618.1
_bP07W
100 _aWHO
245 _aPREGNANCY,CHILDBIRTH,POSPARTUM AND NEWBORNE CARE
260 _bAITBS
_aDELHI
_c2007
650 _aOBST & GYNAECOLOGY
942 _2ddc
_cBK
999 _c865
_d865